LEADER 01052nam a2200265 u 4500 001 000000014407 003 CaOOAMICUS 005 20070226105749.0 008 940517s1966 it u000 u ita u 035 $a10340296 040 $aPUL$bita 100 1 $aAccame, Silvio,$d1910-1997.$0(OLS)http://pul/name/4236 245 13$aLa formazione della civiltà mediterranea. 260 $aBrescia :$bLa Scuola,$c1966. 300 $a467 p. ;$c20 cm 490 1 $aAnalisi e sintesi ;$v10 504 $aBibliografia: p. [427]-467. 651 4$aMediterraneo$xCiviltà.$0(OLS)http://pul/subject/10120 830 0$aAnalisi e sintesi ;$v10.$0(OLS)http://pul/title/10500 850 $aPUL 852 $aPUL$W1$xDP1 Fondo Maccarrone$y58$m1506 G 2$j20225$nBK-PRI$b $qFondi$B20225$CPULBib$Z2$F20225 $H $81 941 1 $a1 961 $aINV: 01933 -- Fondo Mons. M. Maccarrone 996 $6245$aLa formazione della civiltà mediterranea$9(OLS)http://pul/title/20709 996 $6260$aBrescia :$bLa Scuola$9(OLS)http://pul/publisher/48404 LEADER 01488nam a2200313 u 4500 001 000000026480 003 CaOOAMICUS 005 20070226111600.0 008 951113s1991 gw u000 u ger u 035 $a10684220 040 $aPUL$bita 100 1 $aRauch, Albert.$0(OLS)http://pul/name/21783 245 14$aDas Dienstamt der Einheit in der Kirche :$bPrimat - Patriarchat - Papsttum /$cAlbert Rauch, Paul Imhof (Hg.) 260 $aSt. Ottilien :$bEOS verlag Erzabtei,$c1991. 300 $a505 p.; ;$c20 cm 490 1 $aKoinonia : Schriftenreihe des Ostkirchlichen Instituts Regensburg ;$v9 504 $aBibliografia in nota 650 4$aKoinonia.$0(OLS)http://pul/subject/5747 650 4$aPapi$xPrimato.$0(OLS)http://pul/subject/201 650 4$aPatriarchi$zOriente.$0(OLS)http://pul/subject/13759 650 4$aPapato.$0(OLS)http://pul/subject/4195 700 1 $aImhof, Paul,$cS.I.$0(OLS)http://pul/name/21784 830 0$aKoinonia : Schriftenreihe des Ostkirchlichen Instituts Regensburg ;$v9.$0(OLS)http://pul/title/36344 850 $aPUL 852 $aPUL$W1$xDP1 Fondo Maccarrone$y58$m1501 F 14$j36989$nBK-PRI$b $qFondi$B36989$CPULBib$Z2$F36989 $H $81 941 1 $a1 961 $aINV: 00454 -- Fondo Mons. M. Maccarrone 996 $6245$aDas Dienstamt der Einheit in der Kirche :$bPrimat - Patriarchat - Papsttum$9(OLS)http://pul/title/36343 996 $6260$aSt. Ottilien :$bEOS verlag Erzabtei$9(OLS)http://pul/publisher/59336